[Event "Dortmund Sparkassen op-A"]
[Site "Dortmund"]
[Date "2011.07.23"]
[Round "1"]
[White "Bosshard, Rolf"]
[Black "Evers, Leo"]
[Result "0-1"]
[WhiteElo "1842"]
[BlackElo "2101"]
[PlyCount "62"]
[EventDate "2011.07.23"]
[EventType "swiss"]
[EventRounds "9"]
[EventCountry "GER"]
[SourceTitle "CBM 143 Extra"]
[Source "ChessBase"]
[SourceDate "2011.08.29"]
[SourceVersion "1"]
[SourceVersionDate "2011.08.29"]
[SourceQuality "1"]

1. Nf3 Nf6 2. b3 d5 3. Bb2 e6 4. e3 Bd6 5. d4 0-0 6. Bd3 b6 7. Qe2 a5 8. a3 Ba6 9. c4 Qe7 10. Nbd2 c5 11. Ne5 Nfd7 12. f4 f6 13. Nxd7 Nxd7 14. 0-0 Rac8 15. Rf3 f5 16. Rh3 Nf6 17. Nf3 Ne4 18. Bxe4 fxe4 19. Ng5 h6 20. dxc5 Bxc5 21. Rxh6 gxh6 22. Qh5 Bxe3+ 23. Kh1 d4 24. Qg6+ Qg7 25. Qxe6+ Kh8 26. Nxe4 Bb7 27. Ng3 Rc6 28. Qh3 Rg6 29. Re1 Bc8 30. Qh5 Bf2 31. Rd1 Bg4 0-1

[Event "Dresden ZMD op"]
[Site "Dresden"]
[Date "2008.07.20"]
[Round "2"]
[White "Hirneise, Jens"]
[Black "Bosshard, Rolf"]
[Result "1-0"]
[WhiteElo "2251"]
[BlackElo "1881"]
[PlyCount "65"]
[EventDate "2008.07.19"]
[EventType "swiss"]
[EventRounds "9"]
[EventCountry "GER"]
[SourceTitle "CBM 125 Extra"]
[Source "ChessBase"]
[SourceDate "2008.09.01"]
[SourceVersion "1"]
[SourceVersionDate "2008.09.01"]
[SourceQuality "1"]

1. e4 b6 2. d4 Bb7 3. Nd2 e6 4. Ngf3 c5 5. c3 Nf6 6. Bd3 Be7 7. 0-0 0-0 8. Qe2 Nc6 9. a3 d6 10. b4 Rc8 11. Bb2 Qc7 12. Rfe1 e5 13. Rac1 Qb8 14. d5 Nd8 15. b5 Rc7 16. Nc4 Bc8 17. Nfd2 Bg4 18. f3 Bh5 19. Ne3 Bg6 20. Ndc4 Nb7 21. a4 Qc8 22. Ra1 Nh5 23. g3 Bg5 24. a5 bxa5 25. Nxa5 Bxe3+ 26. Qxe3 f5 27. exf5 Bxf5 28. Nc6 Bxd3 29. Qxd3 Rcf7 30. Rxa7 Rxf3 31. Qxf3 Rxf3 32. Ne7+ Kf8 33. Nxc8 1-0

[Event "Dresden ZMD op"]
[Site "Dresden"]
[Date "2008.07.19"]
[Round "1"]
[White "Bosshard, Rolf"]
[Black "Paehtz, Elisabeth"]
[Result "0-1"]
[WhiteElo "1881"]
[BlackElo "2481"]
[PlyCount "54"]
[EventDate "2008.07.19"]
[EventType "swiss"]
[EventRounds "9"]
[EventCountry "GER"]
[SourceTitle "CBM 125 Extra"]
[Source "ChessBase"]
[SourceDate "2008.09.01"]
[SourceVersion "1"]
[SourceVersionDate "2008.09.01"]
[SourceQuality "1"]

1. Nf3 Nf6 2. b3 g6 3. Bb2 Bg7 4. c4 0-0 5. d4 d6 6. Nc3 c6 7. e4 a6 8. a4 a5 9. Be2 Na6 10. 0-0 Nd7 11. Rb1 e5 12. Qd2 Re8 13. Rfd1 Qb6 14. Ba1 Nf6 15. dxe5 dxe5 16. Qe1 Nc5 17. Nd2 Be6 18. Kh1 Rad8 19. f3 Bc8 20. Qg1 Bf8 21. Qe3 Nh5 22. g3 Ng7 23. Na2 Nxa4 24. Qg5 Nc5 25. b4 axb4 26. Nxb4 Nce6 27. Qxe5 Bxb4 0-1

[Event "Winterthur op"]
[Site "Winterthur"]
[Date "2007.10.12"]
[Round "8"]
[White "Trachsel, Peter"]
[Black "Bosshard, Rolf"]
[Result "0-1"]
[WhiteElo "2015"]
[BlackElo "1866"]
[PlyCount "122"]
[EventDate "2007.10.05"]
[EventType "swiss"]
[EventRounds "9"]
[EventCountry "SUI"]
[SourceTitle "CBM 120 Extra"]
[Source "ChessBase"]
[SourceDate "2007.11.01"]
[SourceVersion "1"]
[SourceVersionDate "2007.11.01"]
[SourceQuality "1"]

1. c4 b6 2. Nf3 Bb7 3. g3 Bxf3 4. exf3 c5 5. d4 cxd4 6. Qxd4 Nc6 7. Qd1 g6 8. Bg2 Bg7 9. Na3 Nf6 10. 0-0 0-0 11. f4 Rc8 12. Be3 d6 13. Rc1 Nd7 14. Bxc6 Rxc6 15. Qe2 Nc5 16. Nb5 Qd7 17. b3 Rcc8 18. Rcd1 a6 19. Nd4 Ne4 20. Qd3 Qb7 21. f3 Nf6 22. Qe2 d5 23. cxd5 Nxd5 24. Qf2 Rc3 25. Bc1 Rfc8 26. Bb2 Ne3 27. Bxc3 Rxc3 28. Ne2 Nxd1 29. Rxd1 Rxf3 30. Rd8+ Bf8 31. Qd4 f6 32. Qd5+ Qxd5 33. Rxd5 e6 34. Rd8 Kg7 35. Rd7+ Kh6 36. Kg2 Re3 37. Rd2 Bc5 38. Rc2 e5 39. fxe5 fxe5 40. Ng1 e4 41. Ne2 g5 42. g4 Kg6 43. Ng3 Re1 44. Re2 Rxe2+ 45. Nxe2 Kf6 46. h3 Ke5 47. Kg3 Kd5 48. Kg2 a5 49. Kg3 h6 50. Kg2 Bb4 51. Kf2 Bd2 52. Ng3 Kd4 53. Ke2 Bf4 54. Nf5+ Kc3 55. Ne7 Kb2 56. Nd5 Kxa2 57. b4 axb4 58. Nxb4+ Kb3 59. Nd5 b5 60. Nf6 Kc2 61. Nxe4 b4 0-1